Chrono-Logique : Nations ayant remporté la Coupe du Monde de Football - Statistiques

Statistiques générales
  • Ce quiz a été pris 302 fois
    287 depuis la dernière actualisation
  • Le résultat moyen est 14 sur 22
Réponses sur la Carte
Les réponses sont colorées sur une échelle allant du rouge au vert en fonction du pourcentage des utilisateurs qui les ont devinées à leur premier essai. Vous pouvez retrouver ces pourcentages ci-dessous.
 
Statistiques - réponses
Réponse % Correct
Uruguay (1° victoire)
93%
France (1° victoire)
81%
France (2° victoire)
80%
Espagne (1° victoire)
78%
Italie (4° victoire)
78%
Allemagne (4° victoire)
77%
Argentine (3° victoire)
77%
Brésil (5° victoire)
77%
Uruguay (2° victoire)
76%
Angleterre (1° victoire)
68%
Italie (1° victoire)
66%
Brésil (4° victoire)
65%
Brésil (2° victoire)
61%
Brésil (1° victoire)
60%
Brésil (3° victoire)
59%
Argentine (2° victoire)
57%
Italie (2° victoire)
53%
Allemagne (de l'Ouest) (3° victoire)
50%
Argentine (1° victoire)
46%
Italie (3° victoire)
46%
Allemagne (de l'Ouest) (1° victoire)
44%
Allemagne (de l'Ouest) (2° victoire)
44%
Aucun quiz correspondant
Distribution des résultats
% des personnes avec chaque résultat
Percentile par nombre de réponses
Votre historique - résultats
Vous n’avez pas pris ce quiz depuis la dernière actualisation